| 000 | 00991nam a2200289Ia 4500 | ||
|---|---|---|---|
| 001 | Z_6179 | ||
| 003 | CHAP | ||
| 008 | 220113s2007 xx 000 0 und d | ||
| 010 | _a169414 | ||
| 020 | _a978-968-02-0427-4 | ||
| 040 | _cCHAP | ||
| 082 | _a636.080972 S57 2006 | ||
| 245 |
_aSistemas de producción de no rumiantes y especies menores: resultados de investigación 2006 / _ccoordinadora Leticia Myriam Sagarnaga Villegas |
||
| 260 |
_aMéxico : _bUACh, CICA, _c2007 |
||
| 300 | _a169 p. | ||
| 500 | _aPrograma Universitario de investigación en Sistemas de Producción de No Rumiantes y Especies Menores (NO-RU-MEN) | ||
| 503 | _aej.1- ej.3: ? | ||
| 504 | _aIncluye bibliografía | ||
| 700 |
_aSagarnaga Villegas, Leticia Myriam, coor. _9144057 |
||
| 710 |
_aUniversidad Autónoma Chapingo \ Centro de Investigación en Ciencia Animal (CICA) _9144058 |
||
| 901 | _a636.080972 S57 2006 | ||
| 902 | _aM | ||
| 910 | _a2007 | ||
| 942 | _c1 | ||
| 942 | _cc1 | ||
| 999 |
_c169414 _d169414 |
||